Normal view MARC view
  • Royal Institution of Chartered Surveyors

Entry Corporate Name

Number of records used in: 7

001 - CONTROL NUMBER

  • control field: 4496

003 - CONTROL NUMBER IDENTIFIER

  • control field: OSt

005 - DATE AND TIME OF LATEST TRANSACTION

  • control field: 20190806150233.0

008 - FIXED-LENGTH DATA ELEMENTS

  • fixed length control field: 030718n| aaannaabn |n ana d

040 ## - CATALOGING SOURCE

  • Original cataloging agency: OSt
  • Transcribing agency: OSt

110 ## - HEADING--CORPORATE NAME

  • Corporate name or jurisdiction name as entry element: Royal Institution of Chartered Surveyors
  • Subordinate unit: Commercial Property Management Skills Panel

410 ## - SEE FROM TRACING--CORPORATE NAME

  • Corporate name or jurisdiction name as entry element: Commercial Property Management Skills Panel

410 ## - SEE FROM TRACING--CORPORATE NAME

  • Corporate name or jurisdiction name as entry element: RICS Commercial Property Management Skills Panel

670 ## - SOURCE DATA FOUND

  • Source citation: The insurance of managed property, 1995